Science Quiz

Random Science or Computer Quiz
Score 0/25 Timer 05:00
4 Plays Today
% Correct
Telephone
87.8%
Pasteurization
86.4%
Cereal Flakes
85.8%
Revolver
83.3%
Assembly Line
80.7%
World Wide Web
80.6%
Safety Razor
80.4%
Dynamite
78.7%
Printing Press
78.4%
Electric Guitar
77.9%
Theory of Radioactivity
75%
Polio Vaccine
72.5%
Cotton Gin
71.7%
% Correct
Alternating Current
70.8%
Bifocals
69.9%
Steel Plow
69.7%
Basketball
69.4%
Telegraph
68.9%
Phonograph
68.2%
X-rays
62.6%
Condensing Steam Engine
60.2%
3 Position Traffic Signal
53.5%
Kevlar
51.2%
Smallpox Vaccine
45.3%
Windshield Wiper
38.3%

You're not logged in!

Compare scores with friends on all Sporcle quizzes.
OR
Log In

Sporcle TV

Today on Sporcle TV


Watch our educational content, quiz creation guides, and fun videos on Sporcle TV.

Show Comments

Extras

Top Quizzes Today


Score Distribution

Your Account Isn't Verified!

In order to create a playlist on Sporcle, you need to verify the email address you used during registration. Go to your Sporcle Settings to finish the process.

Report this User

Report this user for behavior that violates our Community Guidelines.

Details: